Blackstone's EC legislation

Đã lưu trong:
Bibliografiske detaljer
Format: Bog
Sprog:Undetermined
Udgivet: London Blackstone Press Limited 1998
Fag:
Tags: Tilføj Tag
Ingen Tags, Vær først til at tagge denne postø!
Thư viện lưu trữ: Trung tâm Học liệu Trường Đại học Cần Thơ
LEADER 00475nam a2200169Ia 4500
001 CTU_28662
008 210402s9999 xx 000 0 und d
082 |a 340 
082 |b B681 
245 0 |a Blackstone's EC legislation 
245 0 |c Edited by Nigel G. Foster 
260 |a London 
260 |b Blackstone Press Limited 
260 |c 1998 
650 |a Laws 
904 |i Nguyễn Quang Điền, Giang sửa 
980 |a Trung tâm Học liệu Trường Đại học Cần Thơ